|
|
|
|
| LEADER |
00690nam a2200217 a 4500 |
| 001 |
000987635 |
| 003 |
CZ BrMZK |
| 005 |
20180919115846.0 |
| 007 |
ta |
| 008 |
010907s1990 gw 000 0 ger d |
| 020 |
|
|
|a 3-423-11184-4
|
| 040 |
|
|
|a BOA001
|b cze
|
| 100 |
1 |
|
|a Moníková, Libuše,
|d 1945-1998
|7 jn19990209559
|4 aut
|
| 245 |
1 |
5 |
|a Eine Schädigung :
|b Roman /
|c Libuše Moníková
|
| 260 |
|
|
|a München :
|b Deutscher Taschenbuch Verlag,
|c 1990
|
| 300 |
|
|
|a 103 s.
|
| 541 |
|
|
|a 11.1.1999
|
| 910 |
|
|
|a BOA001
|b NK-0003.293
|
| 990 |
|
|
|a BK
|
| 991 |
|
|
|z 000017900
|x 44
|
| 996 |
7 |
|
|b 261D004157
|c NK-0003.293
|l Německá knihovna/2.patro
|r ZHR
|n 25
|p {B-03.293}
|h B-mon
|w 000987635
|u 000010
|a 0
|e BOA001
|j MZK50
|s A
|